[Event "Cairo-A"]
[Site "Cairo"]
[Date "1997.??.??"]
[Round "9"]
[White "Kaabi, Mejdi"]
[Black "Rahman, Yehya"]
[Result "1/2-1/2"]
[WhiteElo "2345"]
[BlackElo "2345"]

1.d4 Nf6 2.c4 e6 3.Nf3 b6 4.Nc3 Bb7 5.a3 d5 6.cxd5 exd5 7.Qa4+ c6 8.g3 Be7
9.Bg2 O-O 10.O-O Nbd7 11.Bf4 a5 12.Rfd1 b5 13.Qc2 b4 14.Na4 Rc8 15.Bh3 Ra8
16.Nd2 Re8 17.Nb3 bxa3 18.bxa3 Nf8 19.Nbc5 Bc8 20.Bxc8 Qxc8 21.Kg2 Bxc5 22.dxc5 Ng6
23.Rd4 Nxf4+ 24.Rxf4 Qe6 25.Re1 Ra7 26.h4 Rb7 27.Nb2 Reb8 28.Nd3 Rb3 29.Ra4 R3b5
30.Qd2 Ne4 31.Qf4 Re8 32.Rc1 h6 33.Rc2 Qe7 34.Qe3 Qc7 35.Qf4 Qe7 36.Qe3 Qb7
37.Qd4 Qe7 38.e3 Qd7 39.Ne5 Qe6 40.Nd3 Qg6 41.Nf4 Qf5 42.Rc1 g5 43.hxg5 hxg5
44.Nd3 Rb3 45.Rf1 Nd2 46.Ne5 Nxf1 47.Ng4 Nxe3+ 48.fxe3 Re6 49.Rxa5 Qe4+ 50.Kh2 Qxd4
51.exd4 Rd3 52.Ra4 Re4 53.Ra8+ Kg7 54.Ne5 Rc3 55.Ra7 Rxe5 56.dxe5 Rxc5  1/2-1/2

[Event "Goodricke op"]
[Site "Calcutta"]
[Date "1997.??.??"]
[Round "2"]
[White "Ravi, Lanka"]
[Black "Marin, Mihail"]
[Result "0-1"]
[WhiteElo "2390"]
[BlackElo "2545"]

1.d4 Nf6 2.c4 e6 3.Nf3 b6 4.Nc3 Bb7 5.Bg5 h6 6.Bh4 g5 7.Bg3 Nh5 8.e3 Nxg3
9.hxg3 Bg7 10.Bd3 Nc6 11.a3 g4 12.Ng1 f5 13.Nge2 h5 14.Nf4 h4 15.Qa4 h3 16.O-O-O hxg2
17.Rhg1 Rh2 18.d5 Bxc3 19.bxc3 Qf6 20.dxc6 Qxc3+ 21.Bc2 Bxc6 22.Qb4 Qxb4
23.axb4 a5 24.e4 axb4 25.Kb2 fxe4 26.Rxg2 Rh6 27.Rgg1 e3 28.fxe3 Rh2 29.Ra1 Ra5
30.Kb3 e5 31.Nd5 Bxd5 32.cxd5 Rxd5 33.Bg6+ Ke7 34.Kxb4 Re2 35.Rae1 Rdd2 36.Rxe2 Rxe2
37.e4 Re3 38.Bf5 c6 39.Rh1 Rxg3 40.Rh7+ Kf6 41.Rxd7 Rg1 42.Rd6+ Kg5 43.Rxc6 g3
44.Rc2 Rb1+ 45.Kc4 Kf4 46.Kd5 Rh1 47.Bc8 b5 48.Ba6 b4 49.Kc5 b3 50.Rb2 Rh2  0-1

[Event "Goodricke op"]
[Site "Calcutta"]
[Date "1997.??.??"]
[Round "4"]
[White "Deshmukh, Anup"]
[Black "Parameswaran, Tiruchi N"]
[Result "1-0"]
[WhiteElo "2310"]
[BlackElo "2400"]

1.d4 Nf6 2.c4 e6 3.Nf3 b6 4.Nc3 Bb7 5.e3 Bb4 6.Bd3 Ne4 7.Qc2 f5 8.d5 exd5
9.cxd5 Bxd5 10.O-O Bxc3 11.bxc3 O-O 12.c4 Bb7 13.c5 Kh8 14.Bb2 bxc5 15.Ne5 Na6
16.Bxe4 Bxe4 17.Qc4 Rb8 18.Bc3 Qg5 19.f3  1-0

[Event "KS Sommerskak op"]
[Site "Copenhagen"]
[Date "1997.??.??"]
[Round "?"]
[White "Hellsten, Johan"]
[Black "Sammalvuo, Tapani"]
[Result "1-0"]
[WhiteElo "2485"]
[BlackElo "2375"]

1.d4 Nf6 2.c4 e6 3.Nf3 b6 4.Nc3 Bb4 5.e3 Bb7 6.Bd3 Ne4 7.O-O Bxc3 8.bxc3 f5
9.Ne1 Nxc3 10.Qc2 Ne4 11.f3 Nf6 12.e4 Nc6 13.Qc3 fxe4 14.fxe4 d6 15.Nf3 e5
16.dxe5 dxe5 17.c5 O-O 18.Ba3 b5 19.Bxb5 Qe8 20.Bxc6 Qxc6 21.Nxe5 Nxe4 22.Rxf8+ Rxf8
23.Qb3+ Qd5 24.c6 Qxb3 25.axb3 Bc8 26.Bxf8 Kxf8 27.Rxa7 Be6 28.Rxc7 Bxb3
29.Rd7  1-0

[Event "MSS-ch"]
[Site "CZE"]
[Date "1997.??.??"]
[Round "?"]
[White "Godula, D."]
[Black "Partys, P."]
[Result "1/2-1/2"]
[WhiteElo "1915"]
[BlackElo "1635"]

1.d4 Nf6 2.c4 e6 3.Nf3 b6 4.Nc3 Bb7 5.Qc2 d5 6.Bg5 Be7 7.Rd1 O-O 8.Bxf6 Bxf6
9.e4 dxe4 10.Nxe4 Be7 11.Be2 Nd7 12.Ne5 Nf6 13.Bf3 Bb4+ 14.Ke2 Bxe4 15.Bxe4 Nxe4
16.Qxe4 Qf6 17.Nd7 Qe7 18.Nxf8 Rxf8 19.a3 Bd6 20.f4 Qf6 21.g3 c5 22.Kf3 g5
23.dxc5 Bxc5 24.b4 Be7 25.Rd3 h5 26.Kg2 Qb2+ 27.Kf3 g4+ 28.Ke3 a5 29.Qb7 Bd8
30.Rhd1 Qxh2 31.Rxd8 Qxg3+ 32.Ke2 Qh2+ 33.Kf1 Qxf4+ 34.Kg2 Qxc4 35.Rxf8+ Kxf8
36.Kg1 axb4 37.axb4 Qxb4 38.Qb8+  1/2-1/2

[Event "CZE-chT 9697"]
[Site "CZE"]
[Date "1997.??.??"]
[Round "5"]
[White "Orsag, Milan"]
[Black "Jirovsky, Pavel"]
[Result "1/2-1/2"]
[WhiteElo "2385"]
[BlackElo "2360"]

1.d4 Nf6 2.c4 e6 3.Nf3 b6 4.Nc3 Bb7 5.Bg5 Be7 6.Qc2 c5 7.e4 d6 8.Be2 cxd4
9.Nxd4 O-O 10.O-O a6 11.Rfd1 Qc7 12.Rac1 Nbd7 13.f3 Rac8 14.Qd2 Qb8 15.Kh1 Rfd8
16.Bf1 Nc5 17.b3 h6 18.Be3 Bf8 19.Qf2 d5 20.exd5 exd5 21.b4 Ncd7 22.Nxd5 Nxd5
23.cxd5 Rxc1 24.Rxc1 Bxd5 25.Bxa6 Bxb4 26.Bc4 Nf6 27.Bxd5 Rxd5 28.Nc6 Qd6
29.Nxb4 Qxb4 30.h3 b5 31.Qc2 Qd6 32.Qc8+ Kh7 33.Qc2+ Kg8 34.Qc8+ Kh7 35.Qc2+  1/2-1/2

[Event "GER-ch U20 qual"]
[Site "Dortmund"]
[Date "1997.??.??"]
[Round "?"]
[White "Florea, Dan"]
[Black "Keller, Thomas"]
[Result "1/2-1/2"]
[WhiteElo "2235"]
[BlackElo "2215"]

1.d4 Nf6 2.c4 e6 3.Nf3 b6 4.Nc3 Bb4 5.e3 Bb7 6.Bd3 Ne4 7.Qc2 f5 8.O-O Bxc3
9.bxc3 d6 10.Ne1 Nd7 11.f3 Nef6 12.e4 fxe4 13.fxe4 Qe7 14.Qe2 e5 15.Nc2 O-O-O
16.Ne3 g6 17.Nd5 Qg7 18.Be3 Rhf8 19.a4 c6 20.Nxf6 Rxf6 21.Rfb1 c5  1/2-1/2

[Event "Caledonian Masters"]
[Site "Edinburgh"]
[Date "1997.??.??"]
[Round "6"]
[White "Crouch, Colin S"]
[Black "Cobb, Charles"]
[Result "1-0"]
[WhiteElo "2375"]
[BlackElo "2290"]

1.d4 Nf6 2.c4 e6 3.Nf3 b6 4.Nc3 Bb7 5.a3 d5 6.cxd5 Nxd5 7.e3 g6 8.Bb5+ c6
9.Bd3 Bg7 10.e4 Nxc3 11.bxc3 O-O 12.Bg5 f6 13.Be3 Nd7 14.h4 c5 15.h5 cxd4
16.cxd4 gxh5 17.Rxh5 Qe8 18.Rh4 f5 19.exf5 Bxf3 20.Qxf3 exf5 21.Bc4+ Kh8
22.Rxh7+ Kxh7 23.Qh3+ Kg6 24.Qg3+ Kh7 25.Qh4+ Kg6 26.O-O-O Qxe3+ 27.fxe3 Rac8
28.Qg3+ Kh7 29.Rh1+ Bh6 30.Qd6 Rxc4+ 31.Kb1 Rf6 32.Qxd7+ Kg6 33.Qe8+  1-0

[Event "Momotov mem"]
[Site "Enakievo"]
[Date "1997.??.??"]
[Round "?"]
[White "Bagaturov, Giorgi"]
[Black "Gurevich, Vladimir"]
[Result "1-0"]
[WhiteElo "2475"]
[BlackElo "2430"]

1.d4 Nf6 2.c4 e6 3.Nf3 b6 4.Nc3 Bb4 5.e3 Bb7 6.Bd3 O-O 7.O-O Bxc3 8.bxc3 Ne4
9.Ne1 f5 10.f3 Nf6 11.Qe2 d6 12.e4 fxe4 13.fxe4 Nc6 14.Bg5 e5 15.Nc2 h6 16.Bh4 g5
17.Bg3 Qe8 18.c5 bxc5 19.dxc5 Qg6 20.Rab1 Nd8 21.Nb4 Qg7 22.Bc2 Ne6 23.Qc4 Rae8
24.Rbd1 Qe7 25.Ba4 Rd8 26.Bc6 Bc8 27.Bd5 Bd7 28.Qa6 Kg7 29.cxd6 cxd6 30.Qxa7 Nxd5
31.Nxd5 Qe8 32.Nc7 Rxf1+ 33.Rxf1  1-0

[Event "FRA-chT9697 groupe A"]
[Site "France"]
[Date "1997.??.??"]
[Round "4"]
[White "Poulton, James"]
[Black "Hauchard, Arnaud"]
[Result "0-1"]
[WhiteElo "2360"]
[BlackElo "2510"]

1.d4 Nf6 2.Nf3 e6 3.c4 b6 4.Nc3 Bb4 5.Bg5 Bb7 6.e3 h6 7.Bh4 g5 8.Bg3 Ne4
9.Qc2 d6 10.O-O-O Bxc3 11.bxc3 Nd7 12.d5 Ndc5 13.Bd3 Nxg3 14.hxg3 Qf6 15.Nd4 O-O-O
16.e4 h5 17.Nb3 Nd7 18.Rdf1 h4 19.gxh4 Rxh4 20.Rxh4 gxh4 21.Re1 Qg5+ 22.Qd2 Qxg2
23.Bf1 Qg6 24.Qf4 Rh8 25.Bh3 Ne5 26.Qe3 Nxc4 27.Qe2 Qh6+ 28.Kb1 Ne5 29.dxe6 fxe6
30.Nd4 Kb8 31.Rf1 Qg6 32.f3 Qg3 33.Bxe6 h3 34.Rh1 h2  0-1

[Event "FRA-chT9697 groupe A"]
[Site "France"]
[Date "1997.??.??"]
[Round "7"]
[White "Pinter, Jozsef"]
[Black "Bauer, Christian"]
[Result "1/2-1/2"]
[WhiteElo "2575"]
[BlackElo "2505"]

1.d4 Nf6 2.c4 e6 3.Nf3 b6 4.Nc3 Bb4 5.Bg5 Bb7 6.e3 h6 7.Bh4 Bxc3+ 8.bxc3 d6
9.Nd2 g5 10.Bg3 Nbd7 11.f3 Qe7 12.Qa4 Kf8 13.Bd3 Kg7 14.Bf2 c5 15.O-O Nh5
16.Rfe1 Rhe8 17.Qc2 Nf8 18.a4 Qc7 19.Qa2 f5 20.d5 Qf7 21.Qc2 f4 22.dxe6 Rxe6
23.Be4 Rae8 24.exf4 Nxf4 25.Bxb7 Qxb7 26.Rxe6 Rxe6 27.Ne4 N8g6 28.Bg3 Qa6
29.Rd1 Qxc4 30.Rxd6 Rxd6 31.Nxd6 Qd3 32.Qxd3 Nxd3 33.Nc8 Nb2 34.Nxa7 Nxa4
35.Nb5 Kf6 36.Kf2 Ke6 37.Ke3 Kd5 38.Kd3 Nb2+ 39.Kc2 Nc4 40.Kd3 Nb2+ 41.Kc2 Nc4
42.Kd3 Nce5+ 43.Kc2 Kc6 44.Na7+ Kd7 45.Nb5 h5 46.Kd2 Kc6 47.Na7+ Kd5 48.Bxe5 Nxe5
49.Nc8 b5 50.Nb6+ Kc6 51.Nc8 b4 52.Kc2 Kb5 53.Nd6+ Ka4 54.cxb4 cxb4 55.Ne4 b3+
56.Kb1 Nc4 57.Nxg5 b2 58.Ne4 Kb3 59.Nc5+ Kc3 60.Ne4+ Kb3  1/2-1/2

[Event "BL2-S9697"]
[Site "Germany"]
[Date "1997.??.??"]
[Round "?.2"]
[White "Gerstner, Wolfgang"]
[Black "Farago, Ivan"]
[Result "1/2-1/2"]
[WhiteElo "2385"]
[BlackElo "2440"]

1.d4 e6 2.Nf3 Nf6 3.c4 b6 4.Nc3 Bb4 5.Qc2 Bb7 6.a3 Bxc3+ 7.Qxc3 O-O 8.Bg5 h6
9.Bh4 d6 10.Nd2 Nbd7 11.f3 c5 12.e4 Rc8 13.Bd3 cxd4 14.Qxd4 Ne5 15.O-O Ng6
16.Bf2 Qe7 17.Rfe1 Rfd8 18.Bf1 Nd7 19.a4 a5 20.b4 axb4 21.Reb1 Nge5 22.Qe3 Nc6
23.Nb3 Ba6 24.a5 bxa5 25.Nxa5 Nxa5 26.Rxa5 Bxc4 27.Rxb4 Bxf1 28.Kxf1 Ne5
29.Ra1 d5 30.Rba4 Nc4 31.Qe2 Qf6 32.Rc1 Qg5 33.Rd1 Rb8 34.Ra2 Rb3 35.exd5 exd5
36.Kg1 Rdb8 37.h4 Qf5 38.Qc2 Qe6 39.Re1 Qd6 40.Ra7 Rb2 41.Qf5 Qf6 42.Qxf6 gxf6
43.Bd4 Rb1 44.Rxb1 Rxb1+ 45.Kh2 Ne5 46.Ra8+ Kh7 47.Re8 Re1 48.Rf8 Kg6 49.h5+ Kg7
50.Rd8 Nc6 51.Rxd5 Nxd4  1/2-1/2

[Event "BL2-W9798"]
[Site "Germany"]
[Date "1997.??.??"]
[Round "?.2"]
[White "Levin, Felix"]
[Black "Kipper, Jens"]
[Result "1-0"]
[WhiteElo "2475"]
[BlackElo "2195"]

1.d4 e6 2.Nf3 Nf6 3.c4 b6 4.Nc3 Bb7 5.a3 d5 6.Qa4+ c6 7.Bg5 Be7 8.Bxf6 Bxf6
9.cxd5 exd5 10.g3 O-O 11.Bg2 Na6 12.O-O c5 13.Rad1 Re8 14.e3 c4 15.Qc2 Qd7
16.b4 cxb3 17.Qxb3 Nc7 18.Nd2 Red8 19.Rc1 Ne6 20.Rfd1 Bc6 21.a4 Rab8 22.Bf1 Ng5
23.f4 Ne6 24.Nf3 Ba8 25.Bg2 Qe7 26.Na2 g6 27.Nb4 Nc5 28.Qa3 Ne4 29.Ne5 Bxe5
30.dxe5 Rbc8 31.Qb2 Rc5 32.Nd3 Rxc1 33.Rxc1 Qd7 34.Qc2 d4 35.Nb4 d3 36.Nxd3 Qxd3
37.Qxd3 Rxd3 38.Rc8+ Kg7 39.Rxa8 Rd1+ 40.Bf1 Nd2 41.Rxa7 Rxf1+ 42.Kg2 Ra1
43.e6 Kf8 44.Rxf7+ Ke8 45.Rxh7 Rxa4 46.Rg7 Re4 47.Rxg6 b5 48.h4 Ke7 49.f5 Nc4
50.Rg7+ Ke8 51.h5 Nxe3+ 52.Kf3 Re5 53.h6 Nxf5 54.h7 Nd4+ 55.Kg4  1-0

[Event "Bundesliga 9798"]
[Site "Germany"]
[Date "1997.??.??"]
[Round "?.8"]
[White "Ahner, Andreas"]
[Black "Bischoff, Klaus"]
[Result "0-1"]
[WhiteElo "2250"]
[BlackElo "2535"]

1.d4 Nf6 2.c4 e6 3.Nf3 b6 4.Nc3 Bb4 5.Qb3 a5 6.a3 Bxc3+ 7.Qxc3 Bb7 8.g3 O-O
9.Bg2 a4 10.O-O d6 11.Ng5 Bxg2 12.Kxg2 Nbd7 13.Nf3 h6 14.b4 axb3 15.Bb2 Ra5
16.Nd2 Qa8+ 17.f3 e5 18.e3 Re8 19.Rfe1 e4 20.f4 d5 21.Qxb3 Qc6 22.Rac1 Qe6
23.cxd5 Nxd5 24.Nc4 Raa8 25.Nd2 N7f6 26.h3 h5 27.Qd1 Qf5 28.Qe2 g5 29.Kh2 Kh7
30.fxg5 Qxg5 31.Rc6 Rg8 32.Qf2 Rg6 33.Rc2 Rag8 34.Nf1 R8g7 35.Bc1 Ng8 36.Qg2 f5
37.Qf2 Ngf6 38.Ree2 Rh6 39.Qg1 Ng8 40.h4 Qf6 41.Kh1 Rhg6 42.Rg2 Nh6 43.Qf2 Ng4
44.Qe2 Qd8 45.Kg1 Qd7 46.Qc4 Rg8 47.Qb3 Ra8 48.Bd2 Rc6 49.Ra2 Kg6 50.Re2 Qe6
51.Be1 Ngf6 52.Rec2 Qd7 53.a4 Rxc2 54.Qxc2 Ng4 55.Qb3 Qd6 56.Rc2 Qd7 57.Ra2 Kf6
58.Bd2 Ke6 59.Kg2 Qc6 60.Nh2 Nf6 61.Kf2 Ne8 62.a5 bxa5 63.Rxa5 Rxa5 64.Bxa5 Qc1
65.Nf1 Nd6 66.Bd2 Qc6 67.Qb8 Nf6 68.Qb3+ Qc4 69.Qxc4+ Nxc4 70.Bb4 Ng4+ 71.Ke2 Kd7
72.Bf8 Kc6 73.Be7 Kb5 74.Bg5 Kb4 75.Bf4 c6 76.Bc7 Kc3 77.Bb8 Kc2 78.Bf4 Kc3
79.Bg5 Nb6 80.Bf4 Kc2 81.Bg5 Nd5 82.Nd2 Nc3+ 83.Ke1 Kd3 84.Nb3 Nxe3 85.Nc1+ Kxd4
86.Nb3+ Kc4 87.Na5+ Kd3 88.Nxc6 Nc2+ 89.Kf1 e3  0-1

[Event "Landesliga Sued 9697 Bayern"]
[Site "Germany"]
[Date "1997.??.??"]
[Round "?"]
[White "Nurbekoglu, Michael"]
[Black "Kaiser, Wolfgang"]
[Result "0-1"]
[WhiteElo "2120"]
[BlackElo "2375"]

1.d4 Nf6 2.Nf3 e6 3.c4 b6 4.Nc3 Bb4 5.Bd2 Bb7 6.e3 Be7 7.Bd3 c5 8.O-O O-O
9.Re1 d6 10.e4 cxd4 11.Nxd4 Nbd7 12.Rc1 a6 13.Qe2 Re8 14.Bb1 Bf8 15.Be3 Rc8
16.b3 g6 17.f3 d5 18.cxd5 exd5 19.exd5 Rxc3 20.Rxc3 Nxd5 21.Qd2 Bb4 22.Bg5 Bxc3  0-1

[Event "BL2-W9697"]
[Site "Germany"]
[Date "1997.??.??"]
[Round "?.2"]
[White "Sygulski, Artur"]
[Black "Winants, Luc"]
[Result "1/2-1/2"]
[WhiteElo "2375"]
[BlackElo "2495"]

1.d4 Nf6 2.c4 e6 3.Nf3 b6 4.Nc3 Bb7 5.Bg5 Be7 6.e3 h6 7.Bxf6 Bxf6 8.Rc1 d6
9.Bd3 Nd7 10.Be4 c6 11.Qa4 Qc7 12.O-O O-O 13.b4 a6 14.Qb3 g6 15.Ne1 Bg7 16.f4 Rfe8
17.Nf3 Nf6 18.Bb1 c5 19.dxc5 bxc5 20.b5 Ng4 21.bxa6 Bxa6 22.Nb5 Qb6 23.h3 Nf6
24.a4 Bb7 25.Rcd1 Red8 26.Bc2 Ne4 27.Qb1 f5 28.Nd2 Nxd2 29.Rxd2 d5 30.Rfd1 dxc4
31.Rd6 Rxd6 32.Rxd6 Qa5 33.e4 Re8 34.e5 Bd5 35.Qd1 Rd8 36.Rxd8+ Qxd8 37.Qd2 Qb6
38.Bd1 Kh7 39.Bf3 Qc6 40.Qe2 g5 41.Bxd5 Qxd5 42.a5 Qc6 43.Nd6 c3 44.Qd3 gxf4
45.Qxc3 Qd5 46.Nc4 Qd1+ 47.Kf2 Qb1 48.Ke2 Qg1 49.Qf3 Qd4 50.Qd3 Qa1 51.Kf2 h5
52.Qd2 Qa4 53.Nb6 Qb3 54.Nd7 Qg3+ 55.Kf1 f3 56.Nf6+ Kg6 57.Nd7 Qh2 58.Qf2 Qh1+
59.Qg1 fxg2+ 60.Kf2 Kf7 61.Qxg2 Qd1 62.Qb7 Qd2+ 63.Kf3 Qxa5 64.Nxc5+ Kg6
65.Qe7 Qc3+ 66.Kf2 Qc2+ 67.Kf3 Qd1+ 68.Kf2 Qd4+ 69.Kf3 Qc3+ 70.Kg2 Qd2+  1/2-1/2

[Event "NRW-Liga I 9697"]
[Site "Germany"]
[Date "1997.??.??"]
[Round "5.1"]
[White "Roeder, Mathias"]
[Black "Miezis, Normunds"]
[Result "0-1"]
[WhiteElo "2460"]
[BlackElo "2555"]

1.d4 Nf6 2.c4 e6 3.Nf3 b6 4.Nc3 Bb4 5.Bg5 Bb7 6.e3 h6 7.Bh4 Nc6 8.Nd2 Ne7
9.f3 c5 10.a3 Bxc3 11.bxc3 Ng6 12.Bg3 Qe7 13.Bd3 Nh5 14.Bf2 e5 15.Qb1 O-O
16.O-O exd4 17.cxd4 cxd4 18.Bxg6 fxg6 19.e4 Qg5 20.Qd1 Nf4 21.Bg3 Nd3 22.Kh1 Ba6
23.Bd6 Rf7 24.f4 Qh5 25.Rf3 Nc5 26.h3 Bb7 27.Qe1 g5 28.f5 g4 29.Rg3 gxh3
30.Rxh3 Qg5 31.Nf3 Qe3 32.Qxe3 dxe3 33.Ne5 Nxe4 34.Nxf7 Nf2+ 35.Kh2 Nxh3
36.Nxh6+ gxh6 37.Kxh3 Kf7 38.g4 Rg8 39.Bf4 Bf3 40.Bxh6 Bxg4+ 41.Kh4 e2 42.Re1 Kf6
43.Kg3 Kxf5 44.Bd2 Ke4 45.Rc1 Be6+ 46.Kf2 Kd3 47.Be1 Rf8+ 48.Kg3 Rf1  0-1

[Event "Karsten Kold op"]
[Site "Gistrup"]
[Date "1997.??.??"]
[Round "1"]
[White "Mikhalevski, Victor"]
[Black "Hellegaard, Carsten"]
[Result "0-1"]
[WhiteElo "2535"]
[BlackElo "2270"]

1.d4 Nf6 2.c4 e6 3.Nf3 b6 4.Nc3 Bb4 5.Bg5 Bb7 6.e3 h6 7.Bh4 O-O 8.Qc2 d6
9.O-O-O Bxc3 10.Qxc3 Nbd7 11.Bd3 c5 12.d5 exd5 13.cxd5 Qe8 14.Bb5 a6 15.Bc6 Qb8
16.Rhg1 Qc7 17.Bxd7 Nxd7 18.Nd4 Rae8 19.Nf5 f6 20.f4 b5 21.g4 b4 22.Qc2 Nb6
23.e4 c4 24.g5 fxg5 25.fxg5 h5 26.Bg3 Rxf5 27.exf5 Nxd5 28.Rge1 Rc8 29.Qe4 h4
30.Qe6+ Qf7 31.Bxd6 b3 32.a3 c3 33.Qxf7+ Kxf7 34.bxc3 Rxc3+ 35.Kb2 Rf3 36.Re5 Nc3
37.Re7+ Kg8 38.Rde1 Na4+ 39.Kb1 Rf2 40.Be5 Be4+ 41.Kc1 Rc2+ 42.Kd1 Bf3+ 43.Re2 Rxe2
44.Rxg7+ Kf8 45.f6 Rxe5+ 46.Kd2 Re2+  0-1

[Event "Dov Porath mem"]
[Site "Givatayim"]
[Date "1997.??.??"]
[Round "3"]
[White "Stepak, Yedael"]
[Black "Krays, Alexander"]
[Result "1/2-1/2"]
[WhiteElo "2305"]
[BlackElo "2375"]

1.d4 Nf6 2.c4 e6 3.Nf3 b6 4.Nc3 Bb7 5.e3 Bb4 6.Qc2 O-O 7.Be2 Ne4 8.O-O Bxc3
9.bxc3 f5 10.Ne1 Qh4 11.f3 Ng5 12.Bd3 Rf6 13.Qf2 Qh5 14.h4 Nf7 15.Be2 Nh6
16.Nd3 d6 17.Nf4 Qf7 18.Rd1 Nd7 19.Rb1 Nf8 20.Rb2 Re8 21.Rbd2 Qd7 22.c5 Ng6
23.Nh5 Rff8 24.cxd6 cxd6 25.Ba3 Rc8 26.Rc1 Rc7 27.Qg3 f4 28.Nxf4 Nxf4 29.exf4 Nf5
30.Qf2 Qa4 31.Bb2 Bd5 32.Bd3 Bc4 33.Be4 d5 34.Bb1 Bxa2 35.Bd3 Bc4 36.Ra1 Qd7
37.Bc2 Rf6 38.g4 Nd6 39.Qg3 Nb5 40.Re1 Qd6 41.Re5 Rcf7 42.Bxh7+ Kh8 43.Rf2 Kxh7
44.g5 Qe7 45.gxf6 Qxf6 46.Qg4 Nc7 47.Rh5+ Kg8 48.Rg5 Bd3 49.h5 Bf5 50.Qg3 Qh6
51.Rh2 Rf6 52.Ba3 Nb5 53.Rg2 Rf7 54.Bb2 Nd6 55.Bc1 Nc4 56.Rh2 Rf6 57.Rg2 Rf7
58.Rh2 Rf6  1/2-1/2

[Event "Perenyi  Memorial"]
[Site "Gyula"]
[Date "1997.??.??"]
[Round "8"]
[White "Lukacs, Peter"]
[Black "Vadasz, Laszlo"]
[Result "1-0"]
[WhiteElo "2470"]
[BlackElo "2365"]

1.d4 Nf6 2.c4 e6 3.Nf3 b6 4.Nc3 Bb4 5.Bg5 Bb7 6.e3 Bxc3+ 7.bxc3 d6 8.Nd2 Nbd7
9.f3 c5 10.Bd3 h6 11.Bh4 O-O 12.O-O e5 13.d5 g5 14.Bf2 Re8 15.Qc2 Qe7 16.h3 Nf8
17.g4 Kg7 18.Rae1 Ng6 19.Bg3 h5 20.Bf5 Bc8 21.Bxc8 Raxc8 22.Qf5 hxg4 23.fxg4 Rh8
24.Rf2 Rcf8 25.Ref1 Ne8 26.Kh2 f6 27.Ne4 Rf7 28.Nxg5  1-0

[Event "Wichern op"]
[Site "Hamburg"]
[Date "1997.??.??"]
[Round "4"]
[White "Kreiman, Boris"]
[Black "Hermesmann, Hans"]
[Result "1-0"]
[WhiteElo "2465"]
[BlackElo "2280"]

1.d4 Nf6 2.c4 e6 3.Nf3 b6 4.Nc3 Bb7 5.Bg5 h6 6.Bh4 g5 7.Bg3 Nh5 8.Be5 f6
9.Qd3 Kf7 10.g4 Ng7 11.h4 d6 12.Bg3 Nd7 13.Bg2 Rb8 14.Nxg5+ fxg5 15.hxg5 Qxg5
16.Bxb7 Qxg4 17.Bf3 Qg6 18.Be4 Nf5 19.Nd5 Nf6 20.Nf4 Qg4 21.d5 Nxg3 22.dxe6+ Ke7
23.fxg3 Rg8 24.Ng6+ Rxg6 25.Bxg6 Qxe6 26.Rf1 Bg7 27.Rf3 Kf8 28.Qd5 Ke7 29.Qd3 Kf8
30.O-O-O Kg8 31.Re3 Qd7 32.Bf5 Qd8 33.Be6+ Kh8 34.Rh1 Nd7 35.Bxd7 Qxd7 36.Qg6 Rf8
37.g4 Qc6 38.Rxh6+  1-0

[Event "Helsinki We SKF op"]
[Site "Helsinki"]
[Date "1997.??.??"]
[Round "4"]
[White "Paldanius, Pekka"]
[Black "Veingold, Aleksandr"]
[Result "0-1"]
[WhiteElo "2260"]
[BlackElo "2460"]

1.d4 Nf6 2.Nf3 e6 3.c4 b6 4.Nc3 Bb7 5.a3 d5 6.Bg5 Be7 7.e3 O-O 8.Bd3 Nbd7
9.O-O h6 10.Bh4 c5 11.Qe2 cxd4 12.exd4 dxc4 13.Bxc4 Rc8 14.Ba6 Qc7 15.Bg3 Bxa6
16.Qxa6 Nb8 17.Qa4 Qb7 18.Rad1 Rfd8 19.Ne5 Nd5 20.Rd3 Nc6 21.Ne2 b5 22.Qd1 Nxe5
23.dxe5 b4 24.axb4 Nxb4 25.Rd4 Qb6 26.h3 Bc5 27.Rd2 Rxd2 28.Qxd2 Rd8 29.Qc3 Qb5
30.Nf4 Bd4 31.Qc7 Bb6 32.Qc3 Nc6 33.Nh5 Nd4 34.Qa3 Ne2+ 35.Kh2 Bc5 36.Qf3 Nd4
37.Qg4 Nf5 38.Rc1 Kf8 39.Qc4 Qxc4 40.Rxc4 Nxg3 41.Kxg3 Bd4 42.b4 Bxe5+ 43.Kf3 Rd7
44.Nf4 g5 45.Ne2 f5 46.Ke3 Ke7 47.g3 Bc7 48.Nc1 Bb6+ 49.Ke2 Rc7 50.Rxc7+ Bxc7
51.Kd3 Kd6 52.Kc4 Bb6 53.f3 h5 54.Ne2 e5 55.Nc3 Bf2 56.g4 hxg4 57.hxg4 Ke6
58.b5 Bb6 59.Kd3 e4+ 60.fxe4 fxg4 61.Ne2 Ke5 62.Ng3 Bf2 63.Nf5 g3 64.Ke2 Kxe4
65.Nd6+ Kd5 66.Nc8 Bc5  0-1

[Event "Israel"]
[Site "ISR"]
[Date "1997.??.??"]
[Round "?"]
[White "Botvinnik, Ilia"]
[Black "Gofshtein, Leonid D"]
[Result "1/2-1/2"]
[WhiteElo "2355"]
[BlackElo "2530"]

1.d4 Nf6 2.c4 e6 3.Nf3 b6 4.Nc3 Bb7 5.a3 d5 6.Bg5 Be7 7.Bxf6 Bxf6 8.cxd5 exd5
9.Qb3 O-O 10.Rd1 Na6 11.g3 c5 12.Bg2 cxd4 13.Nxd4 Nc5 14.Qa2 Bxd4 15.Rxd4 Qf6
16.e3 Ba6 17.Nxd5 Qe5 18.Nb4 Rad8 19.Nc6 Qh5 20.g4 Qh4 21.Nxd8 Nd3+ 22.Rxd3 Bxd3
23.Nxf7 Rxf7 24.b4 Bc4 25.Qxc4 Qxf2+ 26.Kd1 Qxg2 27.Re1 Qxh2 28.Re2 Qc7 29.Rc2 Qxc4  1/2-1/2

[Event "World Cities"]
[Site "Jakarta "]
[Date "1997.??.??"]
[Round "5"]
[White "Elsness, Frode"]
[Black "Timoshenko, Georgy"]
[Result "0-1"]
[WhiteElo "2350"]
[BlackElo "2570"]

1.d4 Nf6 2.c4 e6 3.Nf3 b6 4.Nc3 Bb7 5.a3 d5 6.Qa4+ Qd7 7.Qxd7+ Nbxd7 8.e3 a6
9.b4 c5 10.bxc5 bxc5 11.Rb1 Bc6 12.Bd2 dxc4 13.dxc5 Bxf3 14.gxf3 Ne5 15.f4 Nf3+
16.Ke2 Nxd2 17.Kxd2 Bxc5 18.Bxc4 O-O 19.Rb3 Rfc8 20.Bd3 a5 21.Ne4 Bf8 22.Rhb1 Rd8
23.Ke2  0-1

[Event "Kastel Stari op"]
[Site "Kastel Stari"]
[Date "1997.??.??"]
[Round "8"]
[White "Cvitan, Ognjen"]
[Black "Zelic, Zdravko"]
[Result "1-0"]
[WhiteElo "2550"]
[BlackElo "2365"]

1.d4 Nf6 2.Nf3 e6 3.c4 b6 4.Nc3 Bb4 5.Qb3 a5 6.Bg5 Bb7 7.e3 d6 8.Nd2 Nbd7
9.a3 Bxc3 10.Qxc3 e5 11.dxe5 Nxe5 12.f3 a4 13.Be2 O-O 14.e4 Ned7 15.O-O Qe7
16.Be3 Rfe8 17.Bf2 Nc5 18.Rfe1 Nfd7 19.Rad1 Ne6 20.Be3 Qf6 21.Qxf6 Nxf6 22.Nb1 Nc5
23.Nc3 Bc6 24.Kf2 Nfd7 25.g4 Ra5 26.h4 Nf8 27.g5 Nce6 28.Rg1 Nd7 29.Nb5 Raa8
30.Bf1 Ndc5 31.Nc3 Nf8 32.h5 Nfd7 33.Nb5 Bxb5 34.cxb5 Kf8 35.Bc4 Ne5 36.Be2 Rab8
37.Rd4 Re7 38.Rgd1 Ra8 39.Rh1 Ree8 40.Rhd1 Re7 41.Kg3 Rae8 42.Rb4 Ra8 43.Rbd4 Rae8
44.Rd5 Rb8 45.Bf1 Ned7 46.Bc4 Ne5 47.Ba2 f6 48.gxf6 gxf6 49.Kf2 Ke8 50.Rg1 Kd7
51.Ke2 Rbe8 52.Rd4 f5 53.Bd5 fxe4 54.fxe4 c6 55.bxc6+ Nxc6 56.Rc4 Na5 57.Rb4 Nxe4
58.Rxe4 Rxe4 59.Bxe4 Rxe4 60.Kd3 Rh4 61.Rg7+ Kc6 62.Rxh7 Nc4 63.Bc1 Kd5 64.h6 Rh3+
65.Kc2 Kd4 66.Ra7 Rh2+ 67.Kb1 Rh1 68.h7 b5 69.Ka2 Rh2 70.Bf4 Rh3 71.Re7 Ne5
72.Bg5 Ng4 73.Rg7 Kc5 74.Rf7 Ne5 75.Rg7 Kd5 76.Rb7 Kc6 77.Re7 Ng4 78.Re4 Rxh7
79.Rxg4 Rh1 80.Bd2 Rd1  1-0

[Event "Klatovy op-B"]
[Site "Klatovy"]
[Date "1997.??.??"]
[Round "?"]
[White "Polomis, Z."]
[Black "Peniska, P."]
[Result "0-1"]
[WhiteElo "1750"]
[BlackElo "1880"]

1.d4 Nf6 2.Nf3 b6 3.c4 e6 4.Nc3 Bb7 5.Qc2 Bb4 6.a3 Bxc3+ 7.Qxc3 Ne4 8.Qc2 d6
9.b3 Nd7 10.Bb2 O-O 11.e3 f5 12.Bd3 Ndf6 13.h3 Qe8 14.Rg1 Qh5 15.O-O-O a5
16.Nh2 Qh4 17.Rdf1 c5 18.Nf3 Qh5 19.Be2 Qe8 20.dxc5 bxc5 21.g4 a4 22.gxf5 exf5
23.Ng5 Nxf2 24.Qxf5 Qxe3+ 25.Kb1 Be4+ 26.Nxe4 Qxe4+ 27.Qxe4 N2xe4 28.Bf3 Nd2+
29.Kc2 Nxf3 30.Rxf3 Nh5 31.Rxf8+ Kxf8 32.bxa4 Rxa4 33.Kb3 Ra8 34.Rf1+ Ke7
35.Bc3 Nf6 36.a4 Rb8+ 37.Kc2 Ke6 38.a5 Nh5 39.h4 h6 40.Rg1 Kf7 41.Rb1 Ra8
42.Rf1+ Nf6 43.Kb3 Ke6 44.Ka4 Rb8 45.Re1+ Kd7 46.a6 Ne8 47.Rg1 g5 48.hxg5 hxg5
49.Rxg5 Nc7 50.Ka5 Kc6 51.Rg7 Rb3  0-1

[Event "Klatovy op-A"]
[Site "Klatovy"]
[Date "1997.??.??"]
[Round "?"]
[White "Hasek, Vaclav"]
[Black "Novak, Pavel"]
[Result "1-0"]
[WhiteElo "2125"]
[BlackElo "2215"]

1.Nf3 Nf6 2.d4 e6 3.c4 b6 4.Nc3 Bb7 5.e3 Be7 6.Bd3 d5 7.O-O O-O 8.b3 c5 9.cxd5 exd5
10.Bb2 Na6 11.Rc1 Nc7 12.Ne5 Ne6 13.Ne2 Rc8 14.Ng3 cxd4 15.exd4 Ne4 16.Rxc8 Qxc8
17.Nf5 Qd8 18.Qg4 Nf6 19.Nh6+  1-0

[Event "Koblenz-ch"]
[Site "Koblenz"]
[Date "1997.??.??"]
[Round "3"]
[White "Olenberger, Waldemar"]
[Black "Schenderowitsch, Michael"]
[Result "0-1"]
[WhiteElo "1600"]
[BlackElo "1975"]

1.d4 e6 2.Nf3 Nf6 3.c4 b6 4.Nc3 Bb4 5.Bg5 Bxc3+ 6.bxc3 Bb7 7.e3 h6 8.Bh4 d6
9.Be2 Nbd7 10.O-O g5 11.Bg3 Ne4 12.Qc2 Qe7 13.h3 O-O-O 14.Nd2 Nxd2 15.Qxd2 f5
16.f3 h5 17.Kf2 Nf6 18.Qc2 Rdf8 19.Kg1 h4 20.Bh2 Rfg8 21.Kf2 Kb8 22.a4 a5
23.Qb3 g4 24.Ke1 gxh3 25.gxh3 Rg2 26.Rf2 Rhg8 27.Rxg2 Rxg2 28.Bf4 e5 29.dxe5 dxe5
30.Bf1 Rg8 31.Bh2 Bxf3 32.Ra2 Rd8 33.Be2 Bc6 34.Qc2 Be4 35.Qb3 Nd7 36.Qb5 Nc5
37.Rd2 Rxd2 38.Kxd2 Qd6+ 39.Kc1 Bc6 40.Bxe5 Qxe5 41.Qxc6 Qxe3+ 42.Kd1 Nb3
43.Kc2 Qxe2+ 44.Kxb3 f4 45.c5 bxc5 46.Qxc5 f3 47.Qh5 Qe4 48.Qb5+ Qb7  0-1

[Event "Koge op"]
[Site "Koge"]
[Date "1997.??.??"]
[Round "1"]
[White "Jorgensen, Brian"]
[Black "Rozentalis, Eduardas"]
[Result "1/2-1/2"]
[WhiteElo "2200"]
[BlackElo "2645"]

1.d4 Nf6 2.c4 e6 3.Nf3 b6 4.Nc3 Bb4 5.Qc2 Bb7 6.a3 Bxc3+ 7.Qxc3 O-O 8.g3 d6
9.Bg2 Nbd7 10.O-O Qe7 11.b3 Ne4 12.Qc2 f5 13.Ng5 Ndf6 14.Nxe4 Bxe4 15.Bxe4 Nxe4
16.f3 Nf6 17.e4 fxe4 18.fxe4 h6 19.Qe2 e5 20.d5 Qf7 21.Bd2 Qg6 22.Rae1 Ng4
23.Qg2 Rxf1+ 24.Rxf1 Rf8 25.Rxf8+ Kxf8 26.Qf3+ Nf6 27.Qf5 Qxf5 28.exf5 Ne4
29.Be3 Nc5 30.Bxc5 bxc5 31.Kf2 Kf7 32.g4 Kf6 33.Kg3 a5 34.h4 h5 35.Kf3 hxg4+
36.Kxg4 g6 37.fxg6 Kxg6 38.Kg3 Kh5 39.Kh3 Kg6 40.Kg3  1/2-1/2